Auf- und Absteiger Fußball-Deutschlands 2025 - Statistiken

Allgemein
  • Dieses Quiz wurde 127 mal gespielt
  • Das Durchschnittsergebnis liegt bei 12 aus 16
Antwortstatistiken
Ligen Verein % Korrekt
BL > 2. BL Holstein Kiel
98%
BL < 2. BL Hamburger SV
97%
BL < 2. BL 1. FC Köln
96%
BL > 2. BL VfL Bochum
93%
2. BL > 3. L Jahn Regensburg
86%
2. BL < 3. L Dynamo Dresden
83%
2. BL > 3. L SSV Ulm
81%
2. BL < 3. L Arminia Bielefeld
80%
3. L < RL MSV Duisburg
63%
3. L > RL SV Sandhausen
63%
3. L > RL Borussia Dortmund II
61%
3. L < RL TSV Havelse
60%
3. L < RL 1. FC Schweinfurt 05
59%
3. L > RL SpVgg Unterhaching
59%
3. L < RL TSG 1899 Hoffenheim II
55%
3. L > RL Hannover 96 II
54%
Keine übereinstimmenden Quizze gefunden
Verteilung der Resultate
Anzahl Personen mit jedem Resultat
Perzentil nach korrekt beantworteten Fragen
Ihre Resultats-Entwicklung
Sie haben dieses Quiz noch nicht gespielt